| 000 | 00635nam a2200217 u 4500 | ||
|---|---|---|---|
| 005 | 20240924071313.0 | ||
| 008 | 160426s2007 r 000 0 eng d | ||
| 020 | _a9789689432043 | ||
| 035 | _aUPN01000209787 | ||
| 049 | _aI | ||
| 050 | 4 |
_aPZ78 _bC6.96 |
|
| 100 | 1 |
_aCorrea, Carmen Inés _934934 |
|
| 245 | 1 | 2 |
_a¡¡Yo también!! / _cCarmen Inés Correa. |
| 260 |
_aMéxico : _bRíos de Tinta, _c2007. |
||
| 300 |
_a[12] p. : _bprincipalmente il. col. |
||
| 440 | 0 |
_aComo tú. _pEncuentros |
|
| 650 | 7 |
_aLibros ilustrados para niños _2 _921365 |
|
| 650 | 4 |
_aLiteratura infantil _94445 |
|
| 905 | _aInfantil | ||
| 999 |
_c181888 _d181888 |
||